[Event "81st Tata Steel TOP"]
[Site "Wijk aan Zee NED"]
[Date "2019.01.21"]
[Round "4.2"]
[White "Warmerdam, Max"]
[Black "Mamedjarova, Zeinab"]
[Result "1-0"]
[WhiteTitle "IM"]
[BlackTitle "WGM"]
[WhiteElo "2440"]
[BlackElo "2311"]
[WhiteFideId "1048104"]
[BlackFideId "13401521"]
[EventDate "2019.01.18"]

1. d4 f5 2. g3 g6 3. Bg2 Bg7 4. Nc3 Nf6 5. e4 fxe4 6. Nxe4 O-O 7. Nxf6+ exf6 8.
c4 Qe7+ 9. Ne2 Re8 10. Be3 d6 11. O-O c6 12. Re1 Qf7 13. b3 f5 14. Bf4 Bf8 15.
Nc3 Rxe1+ 16. Qxe1 Qf6 17. c5 Bd7 18. Nd5 cxd5 19. Bxd5+ Kg7 20. cxd6 Bxd6 21.
Bxd6 Qxd6 22. Bxb7 Bc6 23. Bxa8 Bxa8 24. Qe5+ Qxe5 25. dxe5 Kf7 26. f4 Ke6 27.
Rc1 Bc6 28. Kf2 g5 29. Ke3 gxf4+ 30. gxf4 Be4 31. b4 Nc6 32. b5 Nb4 33. Kd4 Nd3
34. Rc7 Nxf4 35. Rxa7 Ne2+ 36. Ke3 Nc3 37. b6 Kxe5 38. Re7+ Kd6 39. b7 Bxb7 40.
Rxb7 Nxa2 41. Kf4 1-0

[Event "81st Tata Steel TOP"]
[Site "Wijk aan Zee NED"]
[Date "2019.01.23"]
[Round "6.5"]
[White "Beukema, Stefan"]
[Black "Mamedjarova, Zeinab"]
[Result "0-1"]
[WhiteTitle "IM"]
[BlackTitle "WGM"]
[WhiteElo "2414"]
[BlackElo "2311"]
[WhiteFideId "1024523"]
[BlackFideId "13401521"]
[EventDate "2019.01.18"]

1. f4 d5 2. Nf3 Nf6 3. g3 b6 4. Bg2 Bb7 5. d3 e6 6. O-O Be7 7. e4 dxe4 8. Ng5
Na6 9. Nc3 Nc5 10. d4 h6 11. Nh3 Na6 12. Nf2 c5 13. Ncxe4 Nxe4 14. Nxe4 Qc7 15.
f5 exf5 16. Rxf5 Qd7 17. Rf1 Rd8 18. Qe2 O-O 19. Be3 f5 20. Nc3 Bxg2 21. Qxg2
cxd4 22. Rad1 Qe6 23. Bxd4 Rxd4 24. Rxd4 Bc5 25. Rd1 Rd8 26. Qe2 Qf7 27. Qxa6
Bxd4+ 28. Kg2 f4 29. Qe2 Re8 30. Ne4 Bxb2 31. Qf3 Be5 32. a3 fxg3 33. hxg3 Qxf3+
34. Kxf3 Rc8 35. Rd7 Rc7 36. Rd5 Bb2 37. a4 Rxc2 38. Rd7 a5 39. Rb7 Rc6 40. Nd2
Be5 41. g4 Kh7 42. Ke4 Bc3 43. Nf3 Bf6 44. Kf5 Rc5+ 45. Ke6 Rc4 46. Kf5 Rxa4 47.
Rxb6 Ra1 48. g5 hxg5 49. Ra6 a4 50. Kg4 a3 51. Kf5 a2 52. Kg4 Kg8 53. Kg3 Kf7
54. Kf2 g4 55. Nd2 Bd4+ 56. Ke2 Bc3 0-1

[Event "81st Tata Steel TOP"]
[Site "Wijk aan Zee NED"]
[Date "2019.01.26"]
[Round "8.3"]
[White "Mamedjarova, Zeinab"]
[Black "Beerdsen, Thomas"]
[Result "0-1"]
[WhiteTitle "WGM"]
[BlackTitle "IM"]
[WhiteElo "2311"]
[BlackElo "2484"]
[WhiteFideId "13401521"]
[BlackFideId "1030108"]
[EventDate "2019.01.18"]

1. d4 f5 2. Nc3 Nf6 3. Bg5 d5 4. Bxf6 exf6 5. e3 Be6 6. Bd3 Nc6 7. Nge2 Qd7 8.
Nf4 Bf7 9. h4 O-O-O 10. h5 Bb4 11. Qf3 g5 12. Ne2 Be6 13. h6 Rhe8 14. g3 a6 15.
O-O-O Ne7 16. g4 Rg8 17. gxf5 Nxf5 18. a3 Bf8 19. e4 Nh4 20. Qe3 Re8 21. Qd2
dxe4 22. Nxe4 Qf7 23. Qa5 Bc4 24. Bxc4 Qxc4 25. N2g3 Rg6 26. Rd3 Qb5 27. Qd2
Bxh6 28. Kb1 f5 29. Nc5 Rd6 30. Re1 g4 31. Qd1 b6 32. Rxe8+ Qxe8 33. Qh1 bxc5
34. Qxh4 Qe1+ 35. Ka2 cxd4 36. Qh5 Qe6+ 37. Kb1 Rd5 38. Qh1 f4 39. Ne2 c5 40.
Nc3 Re5 41. Qa8+ Kd7 42. b3 Ke7 43. Na4 Kf6 44. Qa7 Bf8 45. Qxh7 Bg7 46. f3 Qf5
47. Qh4+ Qg5 48. Qxg4 Qxg4 49. fxg4 Kg5 50. Rd1 f3 51. Nb2 Bf8 52. Nd3 Re2 53.
Rg1 Bd6 54. Kc1 Bf4+ 55. Kb2 f2 56. Rf1 Bg3 57. Nxc5 Re1 58. Rxf2 Bxf2 59. Nxa6
d3 60. cxd3 Bd4+ 61. Kc2 Re2+ 0-1